Statystyki dla Skazany na śmierć ,,Prison Break" - Postacie po zdjęciach

Kliknij tutaj aby rozwiązać quiz!

Ogólne statystyki

  • Ten quiz został rozwiązany 184 razy
  • Średni wynik to 12 z 18

Statystyki odpowiedzi

Odpowiedź% Poprawnych
Michael Scofield
99%
Lincoln Burrows
95%
Fernando Sucre
91%
Theodore "T-Bag" Bagwell
89%
Sara Tancredi
87%
Alex Mahone
75%
Bradley "Brad" Bellick
73%
John Abruzzi
71%
L.J. Burrows
65%
Benjamin Miles "C-Note" Franklin
64%
Paul Kellerman
62%
Veronica Donovan
60%
Charles "Świr" Patoshik
53%
Charles Westmoreland
49%
Henry Pope ''Naczelnik''
48%
Frank Tancredi
47%
Don Self
38%
James Whistler
29%

Rozkład punktacji

Percentyl według liczby udzielonych odpowiedzi

Procent ludzi z każdym wynikiem

Twoja historia wyników

Nie rozwiązałeś tego quizu